Estadísticas para Prueba de Eslovenia

Haz click aquí para tomar la prueba!

Estadísticas generales

  • Esta prueba ha sido tomada 173 veces
  • La puntuación promedio es 14 de 20

Estadísticas de respuestas

PistaRespuesta% Correcto
País del que Eslovenia obtuvo su independencia en 1991Yugoslavia
98%
Países limítrofesCroacia
98%
Países limítrofesItalia
97%
Países limítrofesAustria
95%
MonedaEuro
95%
Idioma oficialEsloveno
93%
Países limítrofesHungría
93%
CapitalLiubliana
92%
Modelo nacida en Eslovenia que es Primera Dama de los Estados Unidos{Melania} Trump
92%
Parte del mediterráneo que toca EsloveniaMar Adriático
88%
Grupo étnico que incluye eslovenos, rusos y polacosEslavos
74%
La cordillera en la que se encuentra esa montaña{Alpes} Julianos
68%
Entre 1880-1910, el 17% de los eslovenos emigraron, en su mayoría a este paísEstados Unidos
62%
Gran ciudad italiana que está casi rodeada por EsloveniaTrieste
60%
El tipo de edificio que se puede visitar en una
pequeña isla en el medio del lago Bled
Iglesia
44%
La segunda ciudad más pobladaMaribor
40%
Nombra uno de los tres principales ríos que atraviesan EsloveniaSava | Drava | Mura
34%
Moneda anteriorTolar
30%
La montaña más alta, que aparece en la banderaMonte Triglav
30%
Salamandras acuáticas ciegas conocidas como "olm" habitan
en Eslovenia. ¿Dónde las encontrarías?
En una cueva
30%

Distribución de puntuación

Porcentaje por número respondido

Porcentaje de gente con cada puntuación

Historial de tus puntuaciones

No has tomado esta prueba